• 首页
  • 本馆介绍
  • 公告通知
  • 最新文献
  • 馆藏检索
  • 电子资源
  • 读者导购
  • 参考咨询
  • 我的图书馆
  • 登录
  • 详细信息显示
  • 放入我的书架
  • 预约/预借图书
  • 作者相关作品
  • 分类相关作品
  • 丛书相关作品
  • 出版社相关作品

书目信息

  • 表格格式
  • 工作单格式
  • 卡片格式
题名:
斯坦尼斯拉夫斯基的导演课
    
 
作者: 戈尔恰科夫 ;孙维世 译
分册:  
出版信息: 北京   中国戏剧出版社  1982
页数: 772页
开本: 21cm
丛书名: 中央戏剧学院戏剧艺术丛书
单 册:
中图分类: J83
科图分类:
主题词: 戏剧--艺术--世界 , 戏剧--艺术--各国
电子资源:
ISBN:
000 00662nam0 2200229 45
001 0312221749
005 20040509144844.7
010    @dCNY3.00
100    @a20031222d1982 km y0chiy0120 ea
101    @achi
105    @a z 000yy
200 1  @a斯坦尼斯拉夫斯基的导演课@ASi Tan Ni Si La Fu Si Ji De Dao Yan Ke@f(苏)尼·戈尔恰科夫@F(Su)Ni·Ge Er Qia Ke Fu@g孙维世译
210    @a北京@c中国戏剧出版社@d1982
215    @a772页@c剧照@d21cm
225 2  @a中央戏剧学院戏剧艺术丛书
606 0  @a戏剧@x艺术@x世界
606 0  @a戏剧@x艺术@y各国
690    @aJ83@v3
701 0  @a戈尔恰科夫
702 0  @a孙维世@4译
801    @aCN@bTSTCL@c20031222
905    @dJ83@e22
    
    斯坦尼斯拉夫斯基的导演课/(苏)尼·戈尔恰科夫/孙维世译.-北京:中国戏剧出版社,1982
    772页:剧照;21cm.-(中央戏剧学院戏剧艺术丛书)
    
    
    ISBN :CNY3.00
    
●
相关链接 在E读中查询图书 在五车中查询图书 在当当中查询图书 在豆瓣中查询图书


正题名:斯坦尼斯拉夫斯基的导演课     索取号:J83/22         预约/预借

序号 登录号 条形码 馆藏地/架位号 状态 备注
1 0160702   001658799   密集书库/ [索取号:J83/22] 在馆    
2 0160703   001658735   密集书库/ [索取号:J83/22] 在馆    
3 0160704   001222778   第一样本阅览室/ [索取号:J83/22] 在馆    
4 0160705   001222803   第一借阅区/ [索取号:J83/22] 在馆    
5 0160706   001658450   密集书库/ [索取号:J83/22] 在馆    
唐山师范学院图书馆 欢迎您!
大连网信软件有限公司© 版权所有